Munkában, fegyveres szolgálatban Munkásőrök egységgyűlése Szegeden

Elmentve itt :
Bibliográfiai részletek
Dokumentumtípus: Cikk
Megjelent: 1984-01-15
Sorozat:Délmagyarország 74 No. 12
Kulcsszavak:Szeged, Szentes, Politikai élet munkásőrség Szeged
Online Access:http://dmarchiv.bibl.u-szeged.hu/85309
LEADER 00487nab a2200145 i 4500
001 delm85309
005 20190910110040.0
008 190910s1984 hu o 0|| hun d
040 |a SZTE Délmagyarország Archívum  |b hun 
041 |a hun 
245 0 0 |a Munkában, fegyveres szolgálatban   |h [elektronikus dokumentum] :  |b Munkásőrök egységgyűlése Szegeden 
260 |c 1984-01-15 
300 |a 3 
490 0 |a Délmagyarország  |v 74 No. 12 
695 |a Szeged, Szentes, Politikai élet munkásőrség Szeged